| 000 | 00545nam a2200193Ia 4500 | ||
|---|---|---|---|
| 003 | SISC | ||
| 005 | 20190426152601.0 | ||
| 008 | 190426s9999 xx 000 0 und d | ||
| 020 | _a9781473975699 | ||
| 100 | _aCrowley, Kevin.-- | ||
| 245 |
_cKevin Crowley.-- _aChild development : _ba practical introduction / |
||
| 250 | _a2nd ed | ||
| 260 |
_aSingapore : _bSage _c2017 |
||
| 300 | _ax, 305 pages. | ||
| 500 | _aIncludes bibliographical references and index. | ||
| 650 | _aChild care. | ||
| 650 | _aChild development. | ||
| 942 |
_2lcc _cBK |
||
| 999 |
_c361683 _d361683 |
||